The Phenomenal bestseller sapiens a graphic history : (Record no. 613741)
[ view plain ]
| 000 -LEADER | |
|---|---|
| fixed length control field | 00493nam a2200157 4500 |
| 020 ## - INTERNATIONAL STANDARD BOOK NUMBER | |
| International Standard Book Number | 9781787333765 |
| 040 ## - CATALOGING SOURCE | |
| Transcribing agency | NUSt |
| 082 ## - DEWEY DECIMAL CLASSIFICATION NUMBER | |
| Classification number | 909,HAR |
| 245 ## - TITLE STATEMENT | |
| Title | The Phenomenal bestseller sapiens a graphic history : |
| Remainder of title | the pillars of civilization (Vol-2) / |
| Statement of responsibility, etc. | Yuval Noah Harari, David Vandermeulen, Daniel Casanave |
| 260 ## - PUBLICATION, DISTRIBUTION, ETC. | |
| Place of publication, distribution, etc. | UK |
| Name of publisher, distributor, etc. | Vintage |
| Date of publication, distribution, etc. | 2021 |
| 300 ## - PHYSICAL DESCRIPTION | |
| Extent | 253 Pages |
| 440 ## - SERIES STATEMENT/ADDED ENTRY--TITLE | |
| Volume/sequential designation | Vol-2 |
| 505 ## - FORMATTED CONTENTS NOTE | |
| Formatted contents note | Contents not Available |
| 650 ## - SUBJECT ADDED ENTRY--TOPICAL TERM | |
| Topical term or geographic name entry element | Graphic History |
| 9 (RLIN) | 128987 |
| 942 ## - ADDED ENTRY ELEMENTS (KOHA) | |
| Source of classification or shelving scheme | |
| Koha item type | Book |
| Call number prefix | 909,HAR |
| Withdrawn status | Lost status | Source of classification or shelving scheme | Damaged status | Not for loan | Permanent Location | Current Location | Shelving location | Date acquired | Full call number | Barcode | Date last seen | Price effective from | Koha item type | Public note |
|---|---|---|---|---|---|---|---|---|---|---|---|---|---|---|
| Military College of Signals (MCS) | Military College of Signals (MCS) | Reference | 05/15/2025 | 909,HAR | MCS38911 | 05/15/2025 | 05/15/2025 | Reference | Almirah Fresh No.43, Shelf No.2 |
